| 000 | 00391nam a2200133 4500 | ||
|---|---|---|---|
| 999 |
_c10901 _d10901 |
||
| 008 | 180926b ||||| |||| 00| 0 eng d | ||
| 022 | _a2094-8042 | ||
| 082 | _aDPer 370.105 M72 Jan-Dec 2011 v59-60 | ||
| 245 | _aKeep away from illness. | ||
| 260 |
_aPhilippines: _bIn the Grade School, Inc., _cc2011. |
||
| 300 |
_av60 n5, page 203; _c27cm. |
||
| 650 | 0 |
_931701 _aPoetry. |
|
| 942 |
_2ddc _cPER |
||